书目信息 |
| 题名: |
软件性能测试过程详解与案例剖析
|
|
| 作者: | 段念 编著 | |
| 分册: | ||
| 出版信息: | 北京 清华大学出版社 2006.08 |
|
| 页数: | 12, 279页 | |
| 开本: | 23cm | |
| 丛书名: | ||
| 单 册: | ||
| 中图分类: | TP311.5 | |
| 科图分类: | ||
| 主题词: | 软件--ruan jian--测试 | |
| 电子资源: | ||
| ISBN: | 7-302-13177-5 | |
| 000 | 00903nam0 2200229 450 | |
| 001 | 012007850845 | |
| 005 | 20070428153535.18 | |
| 010 | @a7-302-13177-5@dCNY28.00 | |
| 100 | @a20070107d2006 km y0chiy0120 ea | |
| 101 | 0 | @achi |
| 102 | @aCN@b110000 | |
| 105 | @aa a 000yy | |
| 200 | 1 | @a软件性能测试过程详解与案例剖析@Aruan jian xing neng ce shi guo cheng xiang jie yu an li pou xi@f段念编著@Fduan nian bian zhu |
| 210 | @a北京@c清华大学出版社@d2006.08 | |
| 215 | @a12, 279页@c图@d23cm | |
| 320 | @a有书目。 | |
| 330 | @a全书分为两篇9章,基础篇:软件性能测试基本概念,性能测试的应用领域,性能计数器及性能分析方法,性能测试工具原理,性能测试的组织;实践篇:案例一 某制造型企业信息化项目的性能测试,案例二 某省电信公司业务系统的性能系统的性能测试等。 | |
| 606 | 0 | @a软件@Aruan jian@x测试 |
| 690 | @aTP311.5@v4 | |
| 701 | 0 | @a段念@Aduan nian@4编著 |
| 801 | 0 | @aCN@c20070428 |
| 905 | @a10447@dTP311.5@eD928 | |
| 软件性能测试过程详解与案例剖析/段念编著.-北京:清华大学出版社,2006.08 |
| 12, 279页:图;23cm |
| ISBN 7-302-13177-5:CNY28.00 |
| 全书分为两篇9章,基础篇:软件性能测试基本概念,性能测试的应用领域,性能计数器及性能分析方法,性能测试工具原理,性能测试的组织;实践篇:案例一 某制造型企业信息化项目的性能测试,案例二 某省电信公司业务系统的性能系统的性能测试等。 |
| ● |
| 相关链接 |
|
|
|
正题名:软件性能测试过程详解与案例剖析
索取号:TP311.5/D928
 
预约/预借
| 序号 | 登录号 | 条形码 | 馆藏地/架位号 | 状态 | 备注 |
| 1 | 234531 | 202345319 | 期刊室512/301自科库 42排2列3层/ [索取号:TP311.5/D928] | 在馆 | |
| 2 | 234532 | 202345328 | 期刊室512/301自科库 42排2列3层/ [索取号:TP311.5/D928] | 在馆 |